000 02358nam0a2200397 4500
001 RU\NLR\bibl\1665875
005 20260406155854.0
010 _a978-5-17-063700-3
_bАСТ
010 _a978-5-8123-0695-3
_bСЛОВО
010 _a978-5-226-02440-5
_bВКТ
_95000
021 _aRU
_b2010-54699
_93592
035 _a(nilc)IZD\AST\2007\996186
035 _a(NLR Aleph) 001657150
090 _a958461
_c958461
100 _a20100713d2010 |||y0rusy50 ca
101 0 _arus
_aeng
102 _aRU
105 _ay e |||||
200 1 _aШкольный англо-русский словарь с транскрипцией
_fГ.П. Шалаева
210 _aМосква
_cACT
_cСЛОВО
_aВладимир
_cВКТ
_d2010
215 _a735 с.
_d22
330 _a"Школьный англо-русский словарь с транскрипцией" содержит более 50 000 слов, словосочетаний, общеотраслевых и узкоспециальных терминов. Словарь не имеет аналогов с точки зрения насыщенности терминологией, формулировок семантических значений, а также удобства использования. Издание предназначено как для школьников, так и для специалистов в области английского языка, лиц, читающих англоязычную литературу и работающих с англоязычными документами.
606 1 _aАнглийский язык
_xСловари
_xРусский язык
_9973846
_3RU\NLR\auth\6646831
686 _a0803107
_aСловари для школьников
_2TCC-BG
686 _a0803109
_aСловари английского языка
_2TCC-BG
686 _a81.2Англ-4-922
_vLBC/PL
_2rubbk
686 _aШ143.21-491перев
700 1 _4070
_8rus
_7ca
_aШалаева
_bГ. П.
_f1952-
_gГалина Петровна
_3RU\NLR\auth\777972
_9117893
801 0 _aRU
_bЛИБНЕТ
_c20100713
_gRCR
801 1 _aRU
_bЛИБНЕТ
_c20100713
801 2 _aRU
_bЦУНБ Москва
_c20100818
_2rusmarc
801 2 _aRU
_bNLR
_c20100820
_grcr
830 _aCODE_OF_LIBNET\000053257
942 _cBOOK
980 _aNB